UBT Library

On being an architect (Record no. 43367)

000 -LEADER
fixed length control field 00533cam a22002171 4500
001 - CONTROL NUMBER
control field 10196302
005 - DATE AND TIME OF LATEST TRANSACTION
control field 20180224065710.0
008 - FIXED-LENGTH DATA ELEMENTS--GENERAL INFORMATION
fixed length control field 760220s1942 nyuaf 000 0 eng
010 ## - LIBRARY OF CONGRESS CONTROL NUMBER
LC control number 42013892
035 ## - SYSTEM CONTROL NUMBER
System control number (OCoLC)2002827
040 ## - CATALOGING SOURCE
Original cataloging agency DLC
Transcribing agency PLF
Modifying agency OCoLC
-- DLC
041 ## - LANGUAGE CODE
Language code of text/sound track or separate title eng
042 ## - AUTHENTICATION CODE
Authentication code premarc
080 ## - UNIVERSAL DECIMAL CLASSIFICATION NUMBER
Universal Decimal Classification number 720.69
082 ## - DEWEY DECIMAL CLASSIFICATION NUMBER
Classification number 720.69 LES
100 1# - Rafti
Rafti 41
101 ## - Shkurtesa
Shkurtesa ARK
245 10 - TITLE STATEMENT
Title On being an architect
Statement of responsibility, etc [by] William Lescaze ...
906 ## - LOCAL DATA ELEMENT F, LDF (RLIN)
a 7
b cbc
c oclcrpl
d u
e ncip
f 19
g y-gencatlg
942 ## - ADDED ENTRY ELEMENTS (KOHA)
Source of classification or shelving scheme
Item type Books
Holdings
Withdrawn status Lost status Source of classification or shelving scheme Damaged status Not for loan Collection code Permanent location Current location Shelving location Date acquired Total Checkouts Full call number Barcode Date last seen Price effective from Koha item type
          Koleksioni i përgjithshem UBT - Lipjan UBT - Lipjan Koleksioni i lëndeve mesimore 02/24/2018   720.69 LES 002-2999986 02/24/2018 02/24/2018 Books
UBT Library © 2015-2024. All rights reserved University Education for Business and Technology